000
00317nam a22001333 4500
001
205761
005
20240322133158.0
090
_a
205761
100
_a
20240322 ukry50
101
_a
ukr
102
_a
UA
200
_a
801
_2
unimarc
_a
UA
_g
psbo
942
_c
NEWSPAPER